[Event "Donostia Spring op 09th"]
[Site "Donostia"]
[Date "2013.05.11"]
[Round "5"]
[White "Fuente San Sebastian, Ernesto"]
[Black "Garmendia Zubeldia, Daniel"]
[Result "1-0"]
[WhiteElo "1838"]
[BlackElo "1777"]
[PlyCount "41"]
[EventDate "2013.04.19"]
[EventType "swiss"]
[EventRounds "8"]
[EventCountry "ESP"]
[SourceTitle "EXT 2024"]
[Source "ChessBase"]
[SourceDate "2023.10.10"]
[SourceVersion "1"]
[SourceVersionDate "2023.10.10"]
[SourceQuality "1"]

1. c4 Nf6 2. Nc3 g6 3. d4 Bg7 4. e4 d6 5. Bd3 0-0 6. Nge2 c5 7. d5 Re8 8. 0-0 e6 9. Bg5 Qb6 10. Qd2 Ng4 11. f4 Na6 12. h3 Nf6 13. f5 Qd8 14. dxe6 fxe6 15. fxg6 hxg6 16. Qf4 Nb4 17. Bb1 Kf7 18. e5 dxe5 19. Qe4 Rf8 20. Qxg6+ Kg8 21. Ne4 1-0

[Event "San Sebastian Primavera de Gros 7th op"]
[Site "San Sebastian"]
[Date "2011.06.11"]
[Round "6.14"]
[White "Saenz Zabala, Juan Ignacio"]
[Black "Garmendia Zubeldia, Daniel"]
[Result "0-1"]
[WhiteElo "1806"]
[BlackElo "1680"]
[PlyCount "106"]
[EventDate "2011.05.07"]
[EventType "swiss"]
[EventRounds "7"]
[EventCountry "ESP"]
[SourceTitle "EXT 2024"]
[Source "ChessBase"]
[SourceDate "2023.10.10"]
[SourceVersion "1"]
[SourceVersionDate "2023.10.10"]
[SourceQuality "1"]

1. e4 c5 2. Nc3 g6 3. f4 Bg7 4. Nf3 d6 5. Bb5+ Bd7 6. Qe2 Nc6 7. Bxc6 Bxc6 8. d3 b5 9. 0-0 e6 10. f5 Nf6 11. Bg5 h6 12. Bh4 g5 13. Bg3 Nh5 14. fxe6 fxe6 15. Nd2 Nxg3 16. hxg3 h5 17. Rae1 h4 18. Qf3 Bd4+ 19. Re3 Bxe3+ 20. Qxe3 Qe7 21. g4 0-0-0 22. d4 b4 23. Ne2 e5 24. d5 Bd7 25. Qh3 Rdf8 26. Rd1 Qd8 27. Qd3 Qa5 28. Nc4 Qa6 29. Nc1 Bxg4 30. Re1 Bd7 31. Nb3 Kc7 32. a3 Bb5 33. Nba5 Qxa5 34. Nxa5 Bxd3 35. cxd3 h3 36. axb4 h2+ 37. Kh1 cxb4 38. Nc6 Rf2 39. Rc1 Kd7 40. Nxb4 Rxb2 41. Nc6 Ra2 42. Rf1 Rh7 43. Nb8+ Kc8 44. Nc6 a5 45. Rf8+ Kc7 46. Rf1 a4 47. Rc1 Kd7 48. Nb8+ Ke8 49. Rc8+ Kf7 50. Rc7+ Kg6 51. Rxh7 Kxh7 52. Nc6 Rd2 53. Nb4 a3 0-1

[Event "Gipuzkoa-ch U16"]
[Site "Donostia"]
[Date "2010.10.17"]
[Round "1.2"]
[White "Garmendia Zubeldia, Daniel"]
[Black "Abalia Patino, Aritz"]
[Result "1-0"]
[WhiteElo "1652"]
[BlackElo "1550"]
[PlyCount "59"]
[EventDate "2010.10.17"]
[EventType "swiss"]
[EventRounds "5"]
[EventCountry "ESP"]
[SourceTitle "EXT 2024"]
[Source "ChessBase"]
[SourceDate "2023.10.10"]
[SourceVersion "1"]
[SourceVersionDate "2023.10.10"]
[SourceQuality "1"]

1. d4 d5 2. c4 e6 3. a3 c5 4. e3 Nf6 5. Nc3 Nc6 6. cxd5 exd5 7. Bb5 Bd7 8. dxc5 a6 9. Ba4 Be6 10. b4 a5 11. Nge2 Be7 12. Nd4 Qc7 13. b5 Bd7 14. bxc6 bxc6 15. Nb3 Qe5 16. Bb2 Ne4 17. Qd4 Bf6 18. Nxe4 Qxd4 19. Nxf6+ Qxf6 20. Bxf6 gxf6 21. Nd4 Rc8 22. 0-0 Rg8 23. Kh1 Ke7 24. Rab1 Rg6 25. Rb7 f5 26. Nxc6+ Rcxc6 27. Bxc6 Rxc6 28. Rc1 Rc8 29. c6 Ke6 30. Rxd7 1-0